| 000 | 01131nam a22001937a 4500 | ||
|---|---|---|---|
| 005 | 20230309142619.0 | ||
| 008 | 230309b ag ||||| |||| 00| 0 spa d | ||
| 050 | 0 | 4 |
_aTS305 _bS46 1988 |
| 111 | 2 |
_aSeminario ILAFA-IAS Calidad del Acero _d(1988 : _cBuenos Aires, Argentina) |
|
| 245 | 1 | 0 |
_aCalidad '88 : _btrabajos presentados al Seminario ILAFA-IAS Calidad del Acero / _corganizado por el Instituto Latinoamericano del Fierro y el Acero (ILAFA) ... [et al.], 29 de mayo al 1o. de junio de 1988, Buenos Aires, Argentina = Quality '88 : papers presented at the ILAFA-IAS Seminar on Steel Quality / organized by the Instituto Latinoamericano del Fierro y el Acero (ILAFA) ... [et al.], May 29-June 1st, 1988, Buenos Aires, Argentina. |
| 250 | _a1a ed. | ||
| 260 |
_aBuenos Aires, Argentina : _bInstituto Latinoamericano del Fierro y el Acero, ILAFA, _c1988 |
||
| 300 |
_ap. v. : _bil. ; _c30 cm. |
||
| 500 | _aMaterial en Ingles y EspaƱol | ||
| 650 | 7 |
_2lemb _aAceros calidad _vcongresos |
|
| 650 | 7 |
_2lemb _aAceros especificaciones _vcongresos |
|
| 710 | 2 | _aInstituto Latinoamericano del Fierro y ed Acero. | |
| 942 |
_2lcc _cLIB |
||
| 999 |
_c91475 _d91475 |
||